LEADER 00982nam a2200277 i 4500 001 991001451729707536 005 20020502193459.0 008 950127s1983 it ||| | ita 020 $a8820465760 035 $ab11514759-39ule_inst 035 $aPRUMB61304$9ExL 040 $aScuola per assistenti sociali$bita 100 1 $aPenati, Luigi$0106582 245 10$aPubblicità /$cnuova edizione a cura di Gilberto Valentini e Luigi Penati 250 $a3. ed 260 $aMilano :$bF. Angeli,$c1983 300 $a979 p. ;$c22 cm. 490 0 $aEnciclopedia di direzione e organizzazione aziendale ;$v15 650 4$aPubblicità 700 1 $aValentini, Gilberto 907 $a.b11514759$b01-03-17$c01-07-02 912 $a991001451729707536 945 $aLE024 DIZ I 5$cv. 15$g1$iLE024N-2494$lle021$nex DUSS$o-$pE0.00$q-$rl$s- $t0$u0$v0$w0$x0$y.i11709777$z01-07-02 996 $aPubblicità$9197898 997 $aUNISALENTO 998 $ale021$b01-01-95$cm$da $e-$fita$git $h0$i1 LEADER 01278nam 2200253 450 001 9910920547303321 005 20250110123441.0 012 $2fei$5IT-NA0852: 100 $a20250110d1762----km-y0itay50------ba 101 0 $ager 102 $aDE 140 $aa-----------------bb0------- 200 1 $a<>Ankerschmieden von Herrn von Reaumur, mit Anmerkungen und Zusätzen von Herrn du Hamel. Aus dem Französischen der Descriptions des arts & metiers der Pariser Academie übersetzt und mit Anmerkungen versehen von Johann Heinrich Gottlob von Justi 210 $aBerlin$cRüdiger$d1762 215 $a84 p.$d4° 700 1$aRéaumur,$bRené Antoine Ferchault de$f<1683-1757>$087215 801 0$aIT$bUNINA$gREICAT$2UNIMARC 856 4 $zVisualizza la versione elettronica in Österreichische Nationalbibliothek$uhttp://digital.onb.ac.at/OnbViewer/viewer.faces?doc=ABO_%2BZ124920701$e20250110 901 $aAQ 912 $a9910920547303321 952 $aM 3$b29477$fNAP14 959 $aNAP14 996 $aAnkerschmieden von Herrn von Reaumur, mit Anmerkungen und Zusätzen von Herrn du Hamel. Aus dem Französischen der Descriptions des arts & metiers der Pariser Academie übersetzt und mit Anmerkungen versehen von Johann Heinrich Gottlob von Justi$94307602 997 $aUNINA